| 000 | 00000nam##2200000za#4500 |
| 001 | 9.573836 |
| 003 | CaOODSP |
| 005 | 20210624183906 |
| 007 | cr ||||||||||| |
| 008 | 150406|1992||||xxc|||||o f|0| 0 eng|d |
| 022 | |a1488-5379 |
| 040 | |aCaOODSP|beng |
| 043 | |an-cn--- |
| 086 | 1 |aFs97-6/1896E-PDF |
| 110 | 1 |aCanada. |bDepartment of Fisheries and Oceans. |bGulf Region. |
| 245 | 10|aOverview of the yield per trap and shell height at sexual maturity for waved whelk, Buccinum undatum, caught on the eastern coast of New Brunswick, 1992 / |h[electronic resource]|c[by] M. Lanteigne and L.A. Davidson. |
| 260 | |aMoncton - New Brunswick : |bFisheries and Oceans Canada. |c1992. |
| 300 | |a32p.|bfigs., graphs, illus., map, references, tables |
| 490 | 1 |aCanadian technical report of fisheries and aquatic sciences|x1488-5379|vNo. 1896 |
| 500 | |aThe catalogue number (Fs97-6/1896E) and ISSN (0706-6457) for the print edition have been incorrectly copied in this electronic publication. |
| 546 | |a(Résumé en français) |
| 590 | |a12-22-Supp|b2012-05-24 |
| 720 | 1 |aLanteigne, M. |
| 720 | 1 |aDavidson, L. A. |
| 776 | 0#|tOverview of yield per trap and shell height at sexual maturity for waved whelks, Buccinum undatum, caught on the east coast of New Brunswick, 1992 / |w(CaOODSP)9.610970 |
| 830 | #0|aCanadian technical report of fisheries and aquatic sciences,|x1488-5379|vNo. 1896|w(CaOODSP)9.504449 |
| 856 | 40|ahttp://publications.gc.ca|qPDF|s687 KB|uhttps://publications.gc.ca/collections/collection_2012/mpo-dfo/Fs97-6-1896-eng.pdf|yNo. 1896 |